6 to 1: Europe Quiz Stats

 Plays Quiz Updated Jan 2, 2018

Also try: 6 to 1: Asia
Challenge
Share
Tweet
Embed
Score 0/21 Timer 03:00
18 Plays Today
Answer % Correct
Norway
96.7%
Sweden
96.2%
Finland
95.5%
Russia
94.9%
Ireland
91.4%
Iceland
90.5%
Denmark
88.8%
United Kingdom
87.8%
Rome
78.9%
Iberia
78.3%
Danube
75.6%
Answer % Correct
Sicily
74.1%
Cyprus
73.5%
Oslo
72.7%
Bern
62.3%
Riga
56.3%
Sardinia
53.2%
Kyiv
52.9%
Volga
52.9%
Dnieper
15.6%
Ural
9.9%

You're not logged in!

Compare scores with friends on all Sporcle quizzes.
OR
Log In

You Might Also Like...

Show Comments

Extras

Top Quizzes Today


Score Distribution

Your Account Isn't Verified!

In order to create a playlist on Sporcle, you need to verify the email address you used during registration. Go to your Sporcle Settings to finish the process.

Report this User

Report this user for behavior that violates our Community Guidelines.

Details: